Europe in transition: (Record no. 180168)

MARC details
000 -LEADER
fixed length control field 00713nam a22002057a 4500
005 - DATE AND TIME OF LATEST TRANSACTION
control field 20210727152847.0
010 ## - LCCN (DPL NO)
LC control number B-740652
020 ## - INTERNATIONAL STANDARD BOOK NUMBER
International Standard Book Number 9788173048531
Terms of availability 595.00
035 ## - SYSTEM CONTROL NUMBER
System control number B-740652
037 ## - SOURCE OF ACQUISITION
Source of stock number/acquisition Gift
082 ## - DEWEY DECIMAL CLASSIFICATION NUMBER
Classification number 940.2
100 ## - MAIN ENTRY--PERSONAL NAME
Personal name Sinha, Arvind
245 ## - TITLE STATEMENT
Title Europe in transition:
Remainder of title from feudalism to industrialization /
Statement of responsibility, etc by Arvind Sinha
260 ## - PUBLICATION, DISTRIBUTION, ETC. (IMPRINT)
Place of publication, distribution, etc New Delhi
Name of publisher, distributor, etc Manohar
Date of publication, distribution, etc 2013
270 ## - ADDRESS
Address 4753/23, Ansari Road
City Daryaganj
Postal code 110002
300 ## - PHYSICAL DESCRIPTION
Extent 782p.:
Other physical details maps.
Dimensions 22cm(pbk)
500 ## - GENERAL NOTE
General note include bibliographical references and index
942 ## - ADDED ENTRY ELEMENTS (KOHA)
Source of classification or shelving scheme Dewey Decimal Classification
Item type English Books
Call number suffix SIN
Classification part 940.2
Holdings
Withdrawn status Lost status Not for loan Collection code Home library Current library Date acquired Source of acquisition Cost, normal purchase price Full call number Barcode Copy number Cost, replacement price Koha item type Public note
      Non-fiction Central Library Central Library 27/07/2021 Gift/Eng/07-07-2021 595.00 940.2 SIN B-740652 1 595.00 English Books Gift

© Delhi Public Library
Hit Counter
free hit counter